Capital investment and financial decisions. (Record no. 97679)

MARC details
000 -LEADER
fixed length control field 00615cam a2200241 4500
008 - FIXED-LENGTH DATA ELEMENTS--GENERAL INFORMATION
fixed length control field 090401t1993 xxu||||| |||| 00| 0 eng d
020 ## - INTERNATIONAL STANDARD BOOK NUMBER
International Standard Book Number 0131158821
035 ## - SYSTEM CONTROL NUMBER
System control number (Sirsi) u91859
041 ## - LANGUAGE CODE
Language code of text/sound track or separate title eng
050 ## - LIBRARY OF CONGRESS CALL NUMBER
Classification number 658.152
100 ## - MAIN ENTRY--PERSONAL NAME
Personal name Levy, Haim
245 ## - TITLE STATEMENT
Title Capital investment and financial decisions.
250 ## - EDITION STATEMENT
Edition statement 5th ed.
260 ## - PUBLICATION, DISTRIBUTION, ETC.
Name of publisher, distributor, etc. Prentice Hall
Date of publication, distribution, etc. 1993
300 ## - PHYSICAL DESCRIPTION
Extent xviii : 782p. ; 24cm
350 ## - PRICE (NR) (BK AM CF MU VM SE) [OBSOLETE]
Price 26.95
650 ## - SUBJECT ADDED ENTRY--TOPICAL TERM
Topical term or geographic name entry element CAPITAL BUDGETING
650 ## - SUBJECT ADDED ENTRY--TOPICAL TERM
Topical term or geographic name entry element RISK ANALYSIS
690 ## - LOCAL SUBJECT ADDED ENTRY--TOPICAL TERM (OCLC, RLIN)
Topical term or geographic name as entry element PROPERTY-PROPERTY FINANCE AND INVESTMENT
700 ## - ADDED ENTRY--PERSONAL NAME
Personal name Sarnat, Marshall
942 ## - ADDED ENTRY ELEMENTS (KOHA)
Suppress in OPAC 0
948 ## - LOCAL PROCESSING INFORMATION (OCLC); SERIES PART DESIGNATOR (RLIN)
c (OCLC) 08/03/1999
Holdings
Withdrawn status Lost status Source of classification or shelving scheme Damaged status Not for loan Home library Current library Shelving location Date acquired Cost, normal purchase price Total Checkouts Full call number Barcode Date last seen Date last checked out Copy number Cost, replacement price Price effective from Koha item type
    Dewey Decimal Classification     London London Books 23/03/1999 26.95 21 658.152 30057753 06/08/2019 22/02/2005 1 26.95 06/08/2019 Book